Variedades diferenciables /

Guardado en:
Autor Principal: Noriega, Ricardo J., 1945-
Otros Autores: Santaló, Luis A. 1911-2001.
Formato: Libro
Idioma:Spanish
Publicado: Buenos Aires : Departamento de Matemática, Universidad de Buenos Aires, Facultad de Ciencias Exactas y Naturales, 1978.
Series:Cursos y seminarios de matemática ; fasc. 26
Etiquetas: Agregar Etiqueta
Sin Etiquetas, Sea el primero en etiquetar este registro!
LEADER 00665nam a22001697a 4500
001 MAT.inmabb005933
008 790329s1978####ag############000#0#spa##
005 20170428165214.0
245 1 0 |a Variedades diferenciables /  |c R. J. Noriega y L. A. Santaló. 
260 |a Buenos Aires :  |b Departamento de Matemática, Universidad de Buenos Aires, Facultad de Ciencias Exactas y Naturales,  |c 1978. 
300 |a 280 p. ;  |c 29 cm. 
440 |a Cursos y seminarios de matemática ;  |v fasc. 26 
100 1 |a Noriega, Ricardo J.,  |d 1945- 
700 1 |a Santaló, Luis A.  |q (Luis Antonio),  |d 1911-2001. 
010 |a  79105896  
040 |a DLC  |c DLC  |d DLC 
859 |h 53  |i N841  |p A-4718  |b BIB. MATEMATICA